000 00305nam a22001337a 4500
008 181205b xxu||||| |||| 00| 0 eng d
020 _a0140510133
041 _aeng
080 _a720
100 _a41
101 _aARK
245 _aThe Penguin Dictionary of Architecture
_cFleming,J
942 _2udc
_cBK
999 _c52842
_d52842